| 000 | 01300nam a2200265Ia 4500 | ||
|---|---|---|---|
| 003 | OSt | ||
| 005 | 20200917123347.0 | ||
| 008 | 191128s1996 ck gr 000 0 spa d | ||
| 020 | _a9586830039 | ||
| 040 |
_aCO-JMCR _cCO-JMCR |
||
| 041 | 0 | _aspa | |
| 082 | 0 | 4 |
_a411.7 / _bL157m _223 |
| 100 | 1 |
_aLadrón de Guevara León, María Mercedes, _eautora _910361 |
|
| 245 | 1 | 0 |
_aManual de paleografía / _cMaría Mercedes Ladrón de Guevara León |
| 250 | _aPrimera edición | ||
| 260 |
_aBogotá : _bPontificia Universidad Javeriana : Archivo General de la Nación : Centro Editorial Javeriana Ceja, _c1996. |
||
| 300 |
_a136 páginas ; _c33 cm. |
||
| 504 | _aIncluye bibliografía. | ||
| 505 | 0 | _aLa investigación histórica y las fuentes documentales -- Historia de la lengua -- Historia de la escritura -- Generalidades de la paleografía -- Normas de transcripción de documentos históricos -- Transcripción de documentos | |
| 520 | 0 | _aLa paleografía arte de decifrar las escrituras y signos antiguos de un idioma, tiene como finalidad interpretar los manuscritos antiguos y juzgar, según la época, la autenticidad de dichos manuscritos, de ahí su importancia. | |
| 650 | 2 | 4 |
_aPaleografía _910362 |
| 650 | 2 | 4 |
_aManuales _95925 |
| 650 | 2 | 4 |
_aEscritura _xHistoria _910363 |
| 942 |
_2ddc _cBK |
||
| 999 |
_c3439 _d3439 |
||